000 00621nam a2200193Ia 4500
008 151119s9999||||xx |||||||||||||| ||und||
082 _a808.88
082 _bGKKV9823
100 _aशिखरे दा न
245 _aमहात्मा गांधीची अमृतवाणी
260 _a--
260 _b--
260 _c0
600 _aशिखरे दा न
630 _aमहात्मा गांधीची अमृतवाणी
700 _aशिखरे दा न
730 _aमहात्मा गांधीची अमृतवाणी
942 _cBOOK
999 _c1064055
_d1064052